Départments avec préfecture moins peuplée qu'une autre ville - Statistiques

Statistiques générales
  • Ce quiz a été pris 275 fois
  • Le résultat moyen est 11 sur 24
Statistiques - réponses
Département Préfecture Ville plus peuplée % Correct
Finistère Quimper Brest
67%
Aisne Laon Saint-Quentin
64%
Ardèche Privas Annonay
59%
Allier Moulins Montluçon
57%
Pas-de-Calais Arras Calais
57%
Haut-Rhin Colmar Mulhouse
56%
Marne Chalons-en-Champagne Reims
56%
Alpes-de-Haute-Provence Digne-les-Bains Manosque
52%
Seine-Saint Denis Bobigny Saint-Denis
51%
Aude Carcassonne Narbonne
48%
Morbihan Vannes Lorient
48%
Ariège Foix Pamiers
47%
Val-de-Marne Créteil Vitry-sur-Seine
47%
Corrèze Tulle Brive
45%
Hauts de Seine Nanterre Boulogne-Billancourt
45%
Val-d'Oise Cergy-Pontoise Argenteuil
45%
Seine et Marne Melun Chelles
40%
Meuse Bar-le-Duc Verdun
38%
Seine-Maritime Rouen Le Havre
38%
Manche Saint-Lô Cherbourg
37%
Haute-Marne Chaumont Saint-Dizier
35%
Jura Lons-le-Saunier Dole
34%
Guadeloupe Basse-Terre Les Abymes
27%
Saône-et-Loire Mâcon Chalon-sur-Saône
25%
Aucun quiz correspondant
Distribution des résultats
% des personnes avec chaque résultat
Percentile par nombre de réponses
Votre historique - résultats
Vous n’avez pas pris ce quiz